| 000 | 00508nam a2200181Ia 4500 | ||
|---|---|---|---|
| 005 | 20250423100622.0 | ||
| 008 | 250422s9999 xx 000 0 und d | ||
| 020 | _a9788173193743 | ||
| 050 | _aSB 123 .C2/ | ||
| 100 | _aChahal, G. S. | ||
| 245 | 0 | _aPrinciples and procedures of plant breeding : biotechnological and conventional approaches | |
| 260 | _aNew Delhi | ||
| 260 | _bNarosa Publishing House | ||
| 260 | _c2014 | ||
| 300 | _a604 p | ||
| 650 | _aPlant breeding. Plant genetics. | ||
| 942 | _cBK | ||
| 999 |
_c33847 _d33847 |
||